Famous Robert's - Statistics

General Stats
  • This quiz has been taken 44 times
  • The average score is 7 of 10
Answer Stats
Hint Robert... % Correct
American Actor, played Iron Man Robert Downey Jr.
93%
American Actor; played in "Taxi Driver" Robert de Niro
86%
Jamaican Musician; Made "Could You Be Loved" Bob Marley
84%
Confederate War General Robert E. Lee
77%
American Musician; Made "Blowin' in the Wind" Bob Dylan
75%
American Chess Player; World Champ from 1972-1975 Bobby Fischer
64%
British Actor; played Batman Robert Pattinson
57%
British Actor; Played Hagrid in Harry Potter Robbie Coltrane
52%
Politician; Ran as an Independent in the 2024 Presidential Election Robert F. Kennedy Jr.
50%
American Football Player: Played Tight End with Patriots and Buccaneers Rob Gronkowski
32%
No matching quizzes found
Score Distribution
Percent of People with Each Score
Percentile by Number Answered
Your Score History
You have not taken this quiz